World capitals that start with K - Statistics

General Stats
  • This quiz has been taken 20 times
  • The average score is 9 of 11
Answer Stats
Hint Answer % Correct
Afghanistan Kabul
100%
Jamaica Kingston
100%
Saint Vincent and the Grenadines Kingstown
100%
Kuwait Kuwait City
100%
Ukraine Kiev
94%
Nepal Kathmandu
89%
Malaysia Kuala Lumpur
89%
Democratic Republic of the Congo Kinshasa
72%
Rwanda Kigali
67%
Sudan Khartoum
61%
Uganda Kampala
56%
No matching quizzes found
Score Distribution
Percent of People with Each Score
Percentile by Number Answered
Your Score History
You have not taken this quiz